Foundations of modern sociology / (Record no. 57330)
[ view plain ]
| 000 -LEADER | |
|---|---|
| fixed length control field | 01072nam a2200289 a 4500 |
| 001 - CONTROL NUMBER | |
| control field | 57330 |
| 003 - CONTROL NUMBER IDENTIFIER | |
| rucl marc code | BD-RjUL |
| 005 - DATE AND TIME OF LATEST TRANSACTION | |
| control field | 20211209080509.0 |
| 008 - FIXED-LENGTH DATA ELEMENTS--GENERAL INFORMATION | |
| fixed length control field | 081216s1979 njua b 001 0 eng |
| 020 ## - INTERNATIONAL STANDARD BOOK NUMBER | |
| International Standard Book Number | 013330308X |
| 035 ## - SYSTEM CONTROL NUMBER | |
| System control number | (BD-RjUL) 57454 |
| 040 ## - CATALOGING SOURCE | |
| Original cataloging agency | DLC |
| Transcribing agency | DLC |
| Modifying agency | DLC |
| -- | BD-RjUL |
| Language of cataloging | eng |
| 041 ## - LANGUAGE CODE | |
| Language code of text/sound track or separate title | eng |
| 082 00 - DEWEY DECIMAL CLASSIFICATION NUMBER | |
| Classification number | 301 |
| Edition number | 23 |
| Author mark and year | SPF 1979 |
| 100 1# - MAIN ENTRY--PERSONAL NAME | |
| Personal name | Spencer, Metta, |
| Dates associated with a name | 1931- |
| 9 (RLIN) | 170262 |
| 245 10 - TITLE STATEMENT | |
| Title | Foundations of modern sociology / |
| Statement of responsibility, etc. | Metta Spencer ; with the editorial collaboration of Alex Inkeles. |
| 250 ## - EDITION STATEMENT | |
| Edition statement | 2d ed. |
| 260 ## - PUBLICATION, DISTRIBUTION, ETC. (IMPRINT) | |
| Place of publication, distribution, etc. | Englewood Cliffs, N.J. : |
| Name of publisher, distributor, etc. | Prentice-Hall, |
| Date of publication, distribution, etc. | c1979. |
| 300 ## - PHYSICAL DESCRIPTION | |
| Pagination | xviii, 621 p. : |
| Illustrations | ill. ; |
| Size | 26 cm. |
| 490 0# - SERIES STATEMENT | |
| Series statement | Prentice-Hall foundations of modern sociology series |
| 500 ## - GENERAL NOTE | |
| General note | "With contributions from books in the Foundations of modern sociology series by Joseph Ben-David ... [et al.]." |
| 504 ## - BIBLIOGRAPHY, ETC. NOTE | |
| Bibliography, etc | Includes bibliographies and indexes. |
| 650 #0 - SUBJECT ADDED ENTRY--TOPICAL TERM | |
| Topical term or geographic name as entry element | Sociology. |
| 9 (RLIN) | 170250 |
| Topical term or geographic name as entry element | Social history |
| Chronological subdivision | 20th century. |
| 9 (RLIN) | 170263 |
| 830 ## - SERIES ADDED ENTRY--UNIFORM TITLE | |
| Uniform title | Prentice-Hall foundations of modern sociology series |
| 942 ## - ADDED ENTRY ELEMENTS (KOHA) | |
| Source of classification or shelving scheme | Dewey Decimal Classification |
| Koha item type | Books |
| Lost status | Source of classification or shelving scheme | Damaged status | Not for loan | Collection code | Permanent Location | Current Location | Shelving location | Date acquired | Source of acquisition | Total Checkouts | Full call number | Date last seen | Copy number | Koha item type |
|---|---|---|---|---|---|---|---|---|---|---|---|---|---|---|
| Dewey Decimal Classification | Not For Loan | Non-fiction | Central Library, University of Rajshahi | Central Library, University of Rajshahi | Reading Room | 12/12/1984 | Asia Foundation | 301 SPF 1979 | 08/12/2016 | C-1 | Books |